000 01359nam a22003494a 4500
001 ebr10201372
003 CaPaEBR
006 m u
007 cr cn|||||||||
008 060410s2006 njua sb 000 0deng
010 _z 2006045268
020 _z9812566090
020 _z9812566104 (pbk.)
040 _aCaPaEBR
_cCaPaEBR
035 _a(OCoLC)277199865
050 1 4 _aQC16.B46
_bH36 2006eb
082 0 4 _a530
_222
245 0 0 _aHans Bethe and his physics
_h[electronic resource] /
_cedited by Gerald E. Brown, Chang-Hwan Lee.
260 _a[Hackensack] New Jersey :
_bWorld Scientific,
_cc2006.
300 _axiii, 314 p. :
_bill.
504 _aIncludes bibliographical references.
504 _aList of publications of Hans A. Bethe (p. 283-314).
533 _aElectronic reproduction.
_bPalo Alto, Calif. :
_cebrary,
_d2013.
_nAvailable via World Wide Web.
_nAccess may be limited to ebrary affiliated libraries.
600 1 0 _aBethe, Hans A.
_q(Hans Albrecht),
_d1906-2005.
650 0 _aQuantum electrodynamics.
650 0 _aAstrophysics.
655 7 _aElectronic books.
_2local
700 1 _aBrown, G. E.
_q(Gerald Edward),
_d1926-
700 1 _aLee, Chang-Hwan.
710 2 _aebrary, Inc.
856 4 0 _uhttp://site.ebrary.com/lib/rucke/Doc?id=10201372
_zAn electronic book accessible through the World Wide Web; click to view
999 _c120082
_d120082